Melatiku sayang
| Main Author: | |
|---|---|
| Format: | Book |
| Published: |
Petaling Jaya :
Longman ,
1992
|
| Series: | Wauku bercerita
|
| Subjects: |
MARC
| LEADER | 00000cam a2200000 7i4500 | ||
|---|---|---|---|
| 001 | 0000001669 | ||
| 002 | 000001819 | ||
| 005 | 20000330.0 | ||
| 020 | |a 9679767981 | ||
| 090 | 0 | 0 | |a JF |b AZM |
| 100 | 0 | |a Azmah Nordin | |
| 245 | 1 | 0 | |a Melatiku sayang |c Azmah Nordin |
| 260 | |a Petaling Jaya : |b Longman , |c 1992 | ||
| 300 | |a 70p. : |b ill ; |c 21cm. | ||
| 490 | 0 | |a Wauku bercerita | |
| 650 | 0 | 0 | |a Children's stories, Malay |
| 999 | |a 034262 |b BUKU |c PINJAMAN |e PERPUSTAKAAN KOMUNITI PETALING JAYA | ||